00520nam a22001577a 450000500170000000800410001702000150005804100130007308200150008610000590010124500800016025000190024026000460025930000320030565000250033720231116061333.0231116b |||||||| |||| 00| 0 eng d a0409028436 aEnglish  a344.1 DUP  adu Plessis, JV ; Fouche, MA and Van Wyk, MW lEnglish  aA Practical Guide to Labor Law / cJV du Plessis, MA Fouche and MW Van Wyk  aFifth Edition  aDurban : bLexisNexis Butterworth, c2002 bxiii, 400 pages ; c25 cm.  aLegal practice bLaw